Reprezentacja Austrii w Skokach Narciarskich - Statystyki

Ogólne statystyki
  • Ten quiz został rozwiązany 225 razy
  • Średni wynik to 4 z 7
Statystyki odpowiedzi
Obrazkowy Odpowiedź % Poprawnych
Stefan Kraft
99%
Daniel Huber
79%
Clemens Aigner
65%
Michael Haybock
56%
Gregor Schlierenzauer
53%
Philipp Aschenwald
44%
Clemens Leitner
28%
Nie znaleziono quizów pasujących do podanych kryteriów
Rozkład punktacji
Procent ludzi z każdym wynikiem
Percentyl według liczby udzielonych odpowiedzi
Twoja historia wyników
Nie rozwiązałeś tego quizu